000 00292 a2200109 4500
000 nam a22 7a 4500
020 _a9789390166824
100 _aRamesh,Anil
_9109
245 _aStart Up Marketing strategies: 11 real life cases of Indian start-ups
260 _bJaico
_c2022
264 _bJaico
999 _c35995
_d35995